• 首页
  • 本馆介绍
  • 公告通知
  • 最新文献
  • 馆藏检索
  • 电子资源
  • 读者导购
  • 参考咨询
  • 我的图书馆
  • 登录
  • 详细信息显示
  • 放入我的书架
  • 预约/预借图书
  • 作者相关作品
  • 分类相关作品
  • 丛书相关作品
  • 出版社相关作品

书目信息

  • 表格格式
  • 工作单格式
  • 卡片格式
题名:
鲁迅手稿全集
    
 
作者: 鲁迅 著 ;鲁迅手稿全集编辑委员会 编
分册: 第八册   书信
出版信息: 北京   文物出版社  1980
页数: 264页
开本: 26cm
丛书名:
单 册:
中图分类: I210.8
科图分类:
主题词: 鲁迅书简--选集
电子资源:
ISBN:
000 00725nam0 2200253 45
001 0180002949
005 20060605095658.12
010    @dCNY3.80
091    @a10068.745
100    @a19960215d1980 em y0chiy0121 ea
101 0  @achi
102    @aCN@b110000
105    @ay z 000ey
106    @ar
200 10 @a鲁迅手稿全集@Alu xun shou gao quan ji@i书信@h第八册@f鲁迅著@g鲁迅手稿全集编辑委员会编
210    @a北京@c文物出版社@d1980
215    @a264页@d26cm
600  0 @a鲁迅@x墨迹
606    @a鲁迅书简@x选集
690    @aI210.8@v3
701  0 @a鲁迅@Alu xun@4著
712 02 @a鲁迅手稿全集编辑委员会@Alu xun shou gao quan ji bian ji wei yuan hui@4编
801  0 @aCN@bNLC@c20060605
905    @f1@b40220@dI210.8@e31:6
    
    鲁迅手稿全集.书信.第八册/鲁迅著/鲁迅手稿全集编辑委员会编.-北京:文物出版社,1980
    264页;26cm
    
    
    ISBN :CNY3.80
    
●
相关链接 在E读中查询图书 在五车中查询图书 在当当中查询图书 在豆瓣中查询图书


正题名:鲁迅手稿全集     索取号:I210.8/31:6         预约/预借

序号 登录号 条形码 馆藏地/架位号 状态 备注
1 0040220   001926811   密集书库/ [索取号:I210.8/31:6] 在馆    
唐山师范学院图书馆 欢迎您!
大连网信软件有限公司© 版权所有